Odd One Out: TV Actors Quiz Stats

Quiz Updated Apr 21, 2015

Challenge
Share
Tweet
Score 0/20 Timer 06:00
0 Plays Today
% Correct
C - Kaitlin Olson from It's Always Sunny in Philadelphia
97.2%
D - Mary-Kate Olsen from Full House
95.2%
A - Jason Bateman from Arrested Development
90.2%
C - Lamorne Morris from New Girl
87.1%
A - J.K. Simmons from Oz
86.5%
A - Richard Karn from Home Improvement
84.4%
B - Matthew Fox from Lost
83%
B - Bradley Whitford from West Wing
82.9%
D - Jamie-Lynn Sigler from The Sopranos
81.9%
D - Damon Wayans from My Wife and Kids
80.3%
% Correct
A - Jewel Staite from Firefly
74.1%
C - Julie Bowen from Modern Family
71.3%
D - Andrew Lincoln from The Walking Dead
69.4%
C - Robert Morse from Mad Men
67.1%
D - Jeremy Allen White from Shameless
60.8%
B - Mark Boone Jr. from Sons of Anarchy
59.3%
A - Sara Ramirez from Grey's Anatomy
59%
B - Lance Reddick from The Wire
58.7%
B - Jared Padalecki from Supernatural
57.6%
C - Kellie Shanygne Williams from Family Matters
57.3%

You're not logged in!

Compare scores with friends on all Sporcle quizzes.
Sign Up with Email
OR
Log In

You Might Also Like...

Show Comments

Extras

Top Quizzes Today


Score Distribution

Your Account Isn't Verified!

In order to create a playlist on Sporcle, you need to verify the email address you used during registration. Go to your Sporcle Settings to finish the process.